书目信息 |
| 题名: |
常见经济头足类彩色图鉴
|
|
| 作者: | 陈新军 , 刘必林 编著 | |
| 分册: | ||
| 出版信息: | 北京 海洋出版社 2009.01 |
|
| 页数: | 210页 | |
| 开本: | 23cm | |
| 丛书名: | ||
| 单 册: | ||
| 中图分类: | Q959.216-64 | |
| 科图分类: | ||
| 主题词: | 头足纲--tou zu gang--经济动物--图谱 | |
| 电子资源: | ||
| ISBN: | 978-7-5027-7251-2 | |
| 000 | 00855nam0 2200241 450 | |
| 001 | 012009796271 | |
| 005 | 20090428165448.72 | |
| 010 | @a978-7-5027-7251-2@dCNY82.00 | |
| 100 | @a20090428d2009 em y0chi0120 ea | |
| 101 | 0 | @achi |
| 102 | @aCN@b110000 | |
| 105 | @aa z 000yy | |
| 106 | @ar | |
| 200 | 1 | @a常见经济头足类彩色图鉴@Achang jian jing ji tou zu lei cai se tu jian@f陈新军, 刘必林编著@Fchen xin jun,liu bi lin bian zhu |
| 210 | @a北京@c海洋出版社@d2009.01 | |
| 215 | @a210页@c图@d23cm | |
| 330 | @a本书主要内容包括:拟目乌贼,金乌贼,马氏乌贼,蛛形乌贼,豹纹甲乌贼,长腕乌贼,细腕乌贼,亚细腕乌贼等。 | |
| 606 | 0 | @a头足纲@Atou zu gang@x经济动物@j图谱 |
| 690 | @aQ959.216-64@v4 | |
| 701 | 0 | @a陈新军@Achen xin jun@4编著 |
| 701 | 0 | @a刘必林@Aliu bi lin@4编著 |
| 801 | 0 | @aCN@bQSSK@c20090428 |
| 905 | @b738203-05@dQ959.216-64@eC592@f3 | |
| 常见经济头足类彩色图鉴/陈新军, 刘必林编著.-北京:海洋出版社,2009.01 |
| 210页:图;23cm |
| ISBN 978-7-5027-7251-2:CNY82.00 |
| 本书主要内容包括:拟目乌贼,金乌贼,马氏乌贼,蛛形乌贼,豹纹甲乌贼,长腕乌贼,细腕乌贼,亚细腕乌贼等。 |
| ● |
| 相关链接 |
|
|
|
正题名:常见经济头足类彩色图鉴
索取号:Q959.216-64/C592
 
预约/预借
| 序号 | 登录号 | 条形码 | 馆藏地/架位号 | 状态 | 备注 |
| 1 | 738203 | 207382036 | 自科库401/401自科库 37排3列2层/ [索取号:Q959.216-64/C592] | 在馆 | |
| 2 | 738204 | 207382045 | 自科库401/401自科库 37排3列2层/ [索取号:Q959.216-64/C592] | 在馆 | |
| 3 | 738205 | 207382054 | 自科库401/401自科库 37排3列2层/ [索取号:Q959.216-64/C592] | 在馆 |